000 00372pam a2200157a 44500
008 230515b1980 xxu||||| |||| 00| 0 eng d
020 _aNULL
041 _aENGLISH
082 _a630
100 _a9524-1980
245 _aREPAIR WELDING OF STEEL COMPONENTS BY ALUMINO - THERMIC PROCESS
250 _a0
260 _aDELHI
_bISI
_c1980
300 _a13
650 _aNULL
999 _c651928
_d651928